000 00721 a2200205 4500
999 _c9448
_d9448
020 _a9780521765121 (hbk.)
020 _a9780521748759 (pbk.)
050 0 0 _aKD8406 ASH 2010
100 1 _aAshworth, Andrew.
_eauthor
245 1 0 _aSentencing and criminal justice /
_cby Andrew Ashworth.
250 _a5th ed.
264 _aCambridge :
_bCambridge University press,
_c2010.
300 _axxxiii, 468 p. ;
500 _aIncludes bibliographical references and index.
504 _aIncludes bibliographical references (p. [430]-449) and index.
650 0 _aSentences (Criminal procedure)
650 0 _aPunishment
942 _2lcc
_cBK
_h8406
_iASH
_kKD